The noble scholar, jurist, historian


 His Excellency Dr. Abdul Wahhab bin Ibrahim Abu Sulaiman, may Allah have mercy on him.


 He was born in Umm Al-Qura in the year 1356 AH.

صديقون ريحانة طنجة سيدي محمد بن الصديق وأنجاله الأشقاء الخمسة الغماريون السادة أحمد، عبد الله، محمد الزمزومي، عبد الحي وعبد العزيز رحمهم الله / (Record no. 12360)

MARC details
000 -LEADER
fixed length control field 01509cam a22002771i 4500
003 - CONTROL NUMBER IDENTIFIER
control field SA-RiAUC
005 - DATE AND TIME OF LATEST TRANSACTION
control field 20251004161419.0
008 - FIXED-LENGTH DATA ELEMENTS--GENERAL INFORMATION
fixed length control field 250929s2007 mr a g b f00000cara c
020 ## - INTERNATIONAL STANDARD BOOK NUMBER
International Standard Book Number 9953814112
040 ## - CATALOGING SOURCE
Original cataloging agency SA-RiIMS
Language of cataloging ara
Transcribing agency SA-RiAUC
Description conventions rda
082 04 - DEWEY DECIMAL CLASSIFICATION NUMBER
Classification number 922.6
090 ## - LOCALLY ASSIGNED LC-TYPE CALL NUMBER (OCLC); LOCAL CALL NUMBER (RLIN)
Classification number (OCLC) (R) ; Classification number, CALL (RLIN) (NR) 922.6
Local cutter number (OCLC) ; Book number/undivided call number, CALL (RLIN) ت م س
100 1# - MAIN ENTRY--PERSONAL NAME
Personal name التمسماني، المختار محمد
Relator term مؤلف.
245 10 - TITLE STATEMENT
Title صديقون ريحانة طنجة سيدي محمد بن الصديق وأنجاله الأشقاء الخمسة الغماريون السادة أحمد، عبد الله، محمد الزمزومي، عبد الحي وعبد العزيز رحمهم الله /
Statement of responsibility, etc. المختار محمد التمسماني ؛ تقديم أبي الفتوح عبد الله التليدي.
250 ## - EDITION STATEMENT
Edition statement الطبعة الأولى.
264 #1 - PRODUCTION, PUBLICATION, DISTRIBUTION, MANUFACTURE, AND COPYRIGHT NOTICE
Place of production, publication, distribution, manufacture الدار البيضاء، المغرب :
-- بيروت :
Name of producer, publisher, distributor, manufacturer مركز التراث الثقافي العربي ؛
-- دار ابن حزم للطباعة والنشر،
Date of production, publication, distribution, manufacture, or copyright notice 2007.
300 ## - PHYSICAL DESCRIPTION
Extent 288 صفحة :
Other physical details مصور ؛
Dimensions 24 سم
336 ## - CONTENT TYPE
Content type term نص
Content type code txt
Source rdacontent
Materials specified كتاب
337 ## - MEDIA TYPE
Media type term بدون وسيط
Media type code n
Source rdamedia
338 ## - CARRIER TYPE
Carrier type term مجلد
Carrier type code nc
Source rdacarrier
504 ## - BIBLIOGRAPHY, ETC. NOTE
Bibliography, etc. note يشتمل على إرجاعات ببليوجرافية.
650 #7 - SUBJECT ADDED ENTRY--TOPICAL TERM
Topical term or geographic name entry element المتصوفون
Geographic subdivision المغرب
-- طنجة
Form subdivision تراجم
Source of heading or term aucsh
700 1# - ADDED ENTRY--PERSONAL NAME
Personal name التليدي، عبد الله بن عبد القادر بن أحمد،
Dates associated with a name 1926-2017
Relator term مقدم.
942 ## - ADDED ENTRY ELEMENTS (KOHA)
Source of classification or shelving scheme Dewey Decimal Classification
Koha item type Books
Suppress in OPAC No
949 ## - LOCAL PROCESSING INFORMATION (OCLC)
a SA-JeALM
d 250929
u mohamedma123
n 1
Holdings
Withdrawn status Lost status Source of classification or shelving scheme Damaged status Not for loan Home library Current library Date acquired Total checkouts Full call number Barcode Date last seen Price effective from Koha item type
    Dewey Decimal Classification     DR AbdElwahab Library DR AbdElwahab Library 10/04/2025   922.6 ت م س 000019865 10/04/2025 10/04/2025 Books